KOHA-Header-6

The Practice of Public Relations (Record no. 9817)

000 -LEADER
fixed length control field 00264nam a2200109Ia 4500
100 ## - MAIN ENTRY--AUTHOR NAME
Personal name Sam Black
245 #4 - TITLE STATEMENT
Title The Practice of Public Relations
260 ## - PUBLICATION, DISTRIBUTION, ETC. (IMPRINT)
Place of publication India
Name of publisher Planta Tree
Year of publication 2003
300 ## - PHYSICAL DESCRIPTION
Number of Pages 579
942 ## - ADDED ENTRY ELEMENTS (KOHA)
Koha item type Books
Holdings
Withdrawn status Lost status Collection code Permanent Location Current Location Shelving location Date acquired Full call number Accession Number Koha item type
    Management MAJU MAJU   2019-09-14 505.75 5800 Management

Powered by Koha